[Event "Oberliga Nord O 1415"]
[Site "Germany"]
[Date "2015.04.12"]
[Round "9.7"]
[White "Thormann, Wolfgang"]
[Black "Scholz, Robert"]
[Result "1-0"]
[WhiteElo "2258"]
[BlackElo "1936"]
[PlyCount "41"]
[EventDate "2014.09.21"]
[EventType "team-tourn"]
[EventRounds "9"]
[EventCountry "GER"]
[SourceTitle "EXT 2016"]
[Source "ChessBase"]
[SourceDate "2015.10.08"]
[SourceVersion "1"]
[SourceVersionDate "2015.10.08"]
[SourceQuality "1"]
[WhiteTeam "Berlin Oberschoeneweide"]
[BlackTeam "Potsdam USV"]
[WhiteTeamCountry "GER"]
[BlackTeamCountry "GER"]

1. Nf3 f5 2. d4 Nf6 3. Bg5 g6 4. c4 Bg7 5. Nc3 0-0 6. Qb3 h6 7. Bxf6 Bxf6 8. 0-0-0 Kh7 9. h4 c6 10. h5 g5 11. e4 e6 12. exf5 g4 13. Nh2 exf5 14. Kb1 Kg7 15. Qc2 Bg5 16. d5 Bf4 17. g3 Be5 18. f3 Bxg3 19. fxg4 Rf6 20. gxf5 Qb6 21. Ne4 1-0

[Event "Sachsen-ch U14"]
[Site "Sebnitz"]
[Date "2013.04.06"]
[Round "7"]
[White "Teichmann, Felix"]
[Black "Scholz, Robert"]
[Result "1-0"]
[WhiteElo "1752"]
[BlackElo "1834"]
[PlyCount "105"]
[EventDate "2013.04.02"]
[EventType "swiss"]
[EventRounds "7"]
[EventCountry "GER"]
[SourceTitle "EXT 2014"]
[Source "ChessBase"]
[SourceDate "2013.11.20"]
[SourceVersion "1"]
[SourceVersionDate "2013.11.20"]
[SourceQuality "1"]

1. d4 Nf6 2. Nf3 e6 3. Bf4 b6 4. e3 Bb7 5. Bd3 d6 6. Nbd2 Nbd7 7. h3 Qe7 8. Bg5 h6 9. Bh4 g6 10. e4 e5 11. 0-0 Bg7 12. Re1 0-0 13. c3 a6 14. a4 Qe8 15. Bg3 Nh5 16. Bh2 Nf4 17. Bxf4 exf4 18. Nh4 Qe7 19. Qg4 Rae8 20. Nhf3 Nf6 21. Qxf4 Nh5 22. Qe3 Qd8 23. g4 Nf6 24. Qf4 Qa8 25. Nh2 Re7 26. Re2 Rfe8 27. Rae1 Bc6 28. Bc2 Nd7 29. Nhf1 Nf8 30. Ne3 Ne6 31. Qg3 Bxd4 32. Nd5 Bxd5 33. exd5 Be5 34. Rxe5 dxe5 35. dxe6 Rxe6 36. Ne4 Qd8 37. Bb3 Rc6 38. Rd1 Qe7 39. Bd5 Rd8 40. Qf3 Rcd6 41. Nxd6 Rxd6 42. Be4 Rf6 43. Qd3 Kg7 44. Qxa6 Rf4 45. Qe2 Qe6 46. Bd5 Qf6 47. Re1 Rxa4 48. Qxe5 Qxe5 49. Rxe5 Ra5 50. f4 f6 51. Re7+ Kf8 52. Rf7+ Ke8 53. Be6 1-0

[Event "Sachsen-ch U14"]
[Site "Sebnitz"]
[Date "2013.04.04"]
[Round "4"]
[White "Scholz, Robert"]
[Black "Urban, Konstantin"]
[Result "0-1"]
[WhiteElo "1834"]
[BlackElo "1956"]
[PlyCount "70"]
[EventDate "2013.04.02"]
[EventType "swiss"]
[EventRounds "7"]
[EventCountry "GER"]
[SourceTitle "EXT 2014"]
[Source "ChessBase"]
[SourceDate "2013.11.20"]
[SourceVersion "1"]
[SourceVersionDate "2013.11.20"]
[SourceQuality "1"]

1. e4 c5 2. Nc3 Nc6 3. Bb5 Nd4 4. Bc4 e6 5. Nge2 Ne7 6. Nxd4 cxd4 7. Ne2 Nc6 8. d3 Be7 9. 0-0 0-0 10. f4 b6 11. Ng3 Bb7 12. Bb3 g6 13. f5 Ne5 14. Bf4 Bf6 15. Bh6 Re8 16. c3 Nc6 17. Rc1 Ba6 18. Qd2 Ne5 19. Bc2 Ng4 20. Rce1 dxc3 21. bxc3 Rc8 22. c4 Bd4+ 23. Be3 Nxe3 24. Rxe3 Qg5 25. Rff3 Bxe3+ 26. Rxe3 d5 27. exd5 Qd8 28. dxe6 Bxc4 29. Bb3 Bxb3 30. axb3 Qd4 31. Kf1 fxe6 32. fxg6 Rf8+ 33. Rf3 hxg6 34. Ne4 Rcd8 35. Qh6 Qxd3+ 0-1

[Event "Sachsen-ch U14"]
[Site "Sebnitz"]
[Date "2013.04.02"]
[Round "1"]
[White "Linnert, Niklas"]
[Black "Scholz, Robert"]
[Result "0-1"]
[WhiteElo "1521"]
[BlackElo "1834"]
[PlyCount "182"]
[EventDate "2013.04.02"]
[EventType "swiss"]
[EventRounds "7"]
[EventCountry "GER"]
[SourceTitle "EXT 2014"]
[Source "ChessBase"]
[SourceDate "2013.11.20"]
[SourceVersion "1"]
[SourceVersionDate "2013.11.20"]
[SourceQuality "1"]

1. e4 c5 2. Nf3 Nc6 3. d4 cxd4 4. Nxd4 e5 5. Nb5 d6 6. N1c3 a6 7. Na3 Be7 8. Nd5 Nf6 9. Nxe7 Qxe7 10. f3 0-0 11. Be3 Be6 12. Bc4 Rfd8 13. Bxe6 fxe6 14. c4 Rac8 15. 0-0 Kh8 16. Rc1 d5 17. exd5 exd5 18. cxd5 Nxd5 19. Qe2 Nxe3 20. Qxe3 Rd4 21. Rfe1 Re8 22. Nc4 Qf6 23. b3 h6 24. Rc2 b5 25. Nd2 Red8 26. Ne4 Qg6 27. Rce2 Rd3 28. Qf2 Nd4 29. Re3 Rxe3 30. Rxe3 Rc8 31. Ng3 Rc1+ 32. Re1 Qb1 33. Rxc1 Qxc1+ 34. Qf1 Qxf1+ 35. Kxf1 Kg8 36. Kf2 Kf7 37. Ke3 Ke6 38. Ne4 a5 39. Nc5+ Kd5 40. Ne4 Nf5+ 41. Kd3 b4 42. Nd2 Nd6 43. g3 g6 44. h3 Nb5 45. Nb1 Nd4 46. Nd2 Nxf3 47. Nc4 Nd4 48. Nxa5 Nf5 49. g4 Nd6 50. Ke3 Kc5 51. Kd3 e4+ 52. Ke3 Kb5 53. Nc4 Nxc4+ 54. Kxe4 Nd6+ 55. Ke5 Kc5 56. Kf6 g5 57. Kg6 Ne4 58. Kxh6 Kd4 59. Kg6 Ke5 60. Kf7 Nf2 61. Ke7 Nxh3 62. Kd7 Kd5 63. Ke7 Kd4 64. Kd6 Nf2 65. Ke6 Nxg4 66. Kf5 Ne3+ 67. Kxg5 Nd1 68. Kf4 Nc3 69. Kf3 Kd3 70. Kf2 Nxa2 71. Ke1 Nc1 72. Kd1 Nxb3 73. Ke1 Kc2 74. Ke2 Nc5 75. Ke3 b3 76. Kd4 b2 77. Kxc5 b1Q 78. Kd4 Qb3 79. Ke5 Qc4 80. Kd6 Qb5 81. Ke6 Qc5 82. Kf6 Qd5 83. Kg6 Qe5 84. Kf7 Qd6 85. Kg7 Qe6 86. Kh7 Qg4 87. Kh6 Kd3 88. Kh7 Ke4 89. Kh6 Kf5 90. Kh7 Kf6 91. Kh6 Qg6# 0-1

[Event "GER-chT U14"]
[Site "Magdeburg"]
[Date "2012.12.29"]
[Round "6.1"]
[White "Gressmann, Moritz"]
[Black "Scholz, Robert"]
[Result "1-0"]
[WhiteElo "1846"]
[BlackElo "1856"]
[PlyCount "71"]
[EventDate "2012.12.27"]
[EventType "team-swiss"]
[EventRounds "7"]
[EventCountry "GER"]
[SourceTitle "EXT 2014"]
[Source "ChessBase"]
[SourceDate "2013.11.20"]
[SourceVersion "1"]
[SourceVersionDate "2013.11.20"]
[SourceQuality "1"]
[WhiteTeam "Weissensee Chemie"]
[BlackTeam "Dresden TU"]
[WhiteTeamCountry "GER"]
[BlackTeamCountry "GER"]

1. e4 c5 2. Nf3 Nc6 3. d4 cxd4 4. Nxd4 e5 5. Nxc6 bxc6 6. Nc3 Nf6 7. a3 Bc5 8. Bc4 0-0 9. 0-0 Bb7 10. Bg5 Qe7 11. Bxf6 gxf6 12. Qg4+ Kh8 13. Rad1 Rad8 14. Rd3 Rg8 15. Qh5 Rg7 16. Rh3 d5 17. Bd3 f5 18. exf5 e4 19. Bxe4 dxe4 20. f6 Qxf6 21. Qxc5 Rdg8 22. Rg3 Qe6 23. Qxa7 f5 24. Rxg7 Rxg7 25. Qb8+ Bc8 26. Qf4 Rg4 27. Qe3 Qg6 28. Qd4+ Kg8 29. g3 Be6 30. Qd8+ Kg7 31. Qc7+ Bf7 32. Qe5+ Kg8 33. Rd1 Be8 34. Rd8 Kf8 35. Rxe8+ Qxe8 36. Qxf5+ 1-0

[Event "GER-chT Lands U20"]
[Site "Hannover"]
[Date "2012.10.02"]
[Round "6.5"]
[White "Spitzl, Vinzent"]
[Black "Scholz, Robert"]
[Result "1/2-1/2"]
[WhiteElo "1673"]
[BlackElo "1873"]
[PlyCount "84"]
[EventDate "2012.09.29"]
[EventType "team-swiss"]
[EventRounds "7"]
[EventCountry "GER"]
[SourceTitle "CBM 150 Extra"]
[Source "ChessBase"]
[SourceDate "2012.10.19"]
[SourceVersion "1"]
[SourceVersionDate "2012.10.19"]
[SourceQuality "1"]
[WhiteTeam "Hessen II"]
[BlackTeam "Sachsen"]
[WhiteTeamCountry "GER"]
[BlackTeamCountry "GER"]

1. e4 c5 2. Nf3 Nc6 3. d4 cxd4 4. Nxd4 e5 5. Nb5 d6 6. N1c3 a6 7. Na3 Be7 8. Nd5 Nf6 9. Nxe7 Qxe7 10. Bd3 0-0 11. 0-0 Be6 12. Bg5 Rfd8 13. f4 exf4 14. Rxf4 Ne5 15. Bxf6 gxf6 16. Qe2 Kh8 17. Raf1 Rg8 18. Kh1 Rg6 19. Nc4 Bxc4 20. Bxc4 Rag8 21. g3 Rh6 22. Kg1 Rgg6 23. Kg2 Qd8 24. Bd5 Qc8 25. Rf5 b5 26. c3 Qc5 27. Bxf7 Rg7 28. Qd2 Rg5 29. Rxg5 fxg5 30. Qxg5 Rxh2+ 31. Kxh2 Nf3+ 32. Rxf3 Qxg5 33. Kg2 Qe5 34. Bd5 Qe8 35. Rf7 a5 36. Ra7 Qe5 37. Rxa5 b4 38. Ra8+ Kg7 39. Rc8 bxc3 40. bxc3 Kh6 41. a4 Qh5 42. a5 Qe2+ 1/2-1/2

[Event "Dresden ZMD op-B 21st"]
[Site "Dresden"]
[Date "2012.08.21"]
[Round "4"]
[White "Scholz, Robert"]
[Black "Poessel, Christian"]
[Result "1/2-1/2"]
[WhiteElo "1873"]
[BlackElo "1929"]
[PlyCount "47"]
[EventDate "2012.08.18"]
[EventType "swiss"]
[EventRounds "9"]
[EventCountry "GER"]
[SourceTitle "CBM 150 Extra"]
[Source "ChessBase"]
[SourceDate "2012.10.19"]
[SourceVersion "1"]
[SourceVersionDate "2012.10.19"]
[SourceQuality "1"]

1. e4 c5 2. Nc3 Nc6 3. Bb5 g6 4. Bxc6 dxc6 5. d3 Nf6 6. f4 Bg7 7. Nf3 b6 8. 0-0 Nd7 9. Be3 e5 10. f5 Qc7 11. Qe1 Ba6 12. Qh4 f6 13. Qg4 Nf8 14. a3 h5 15. Qg3 gxf5 16. exf5 0-0-0 17. Nd2 Bh6 18. Nce4 h4 19. Qf2 Qe7 20. Bxh6 Rxh6 21. b4 Nd7 22. Rfb1 Rg8 23. Kh1 Kc7 24. Nc4 1/2-1/2

[Event "Dresden ZMD op-B 21st"]
[Site "Dresden"]
[Date "2012.08.19"]
[Round "2"]
[White "Pallas, Sebastian"]
[Black "Scholz, Robert"]
[Result "1/2-1/2"]
[WhiteElo "1879"]
[BlackElo "1873"]
[PlyCount "95"]
[EventDate "2012.08.18"]
[EventType "swiss"]
[EventRounds "9"]
[EventCountry "GER"]
[SourceTitle "CBM 150 Extra"]
[Source "ChessBase"]
[SourceDate "2012.10.19"]
[SourceVersion "1"]
[SourceVersionDate "2012.10.19"]
[SourceQuality "1"]

1. e4 c5 2. Nf3 Nc6 3. d4 cxd4 4. Nxd4 e5 5. Nb5 d6 6. N1c3 a6 7. Na3 Be7 8. Nc4 b5 9. Ne3 Nf6 10. Bd3 0-0 11. 0-0 Rb8 12. f4 Qb6 13. Kh1 Qb7 14. f5 Bd7 15. Ncd5 Nxd5 16. Nxd5 f6 17. Be3 Bd8 18. Rf3 Ne7 19. Nxe7+ Bxe7 20. Rh3 g5 21. Qh5 Rf7 22. Rg3 Bf8 23. h4 h6 24. Rf1 Bc6 25. Qg6+ Bg7 26. hxg5 hxg5 27. Bxg5 fxg5 28. f6 Rbf8 29. Rxg5 Be8 30. Rh5 Rxf6 31. Qh7+ Kf7 32. Rxf6+ Kxf6 33. Rf5+ Ke7 34. Qxg7+ Rf7 35. Qg5+ Kd7 36. Rxf7+ Bxf7 37. Qf6 Kc6 38. Kg1 Bc4 39. Kf1 Bxd3+ 40. cxd3 Qb6 41. Qf2 Qa5 42. Qc2+ Kd7 43. b3 Qb6 44. Qf2 Qc6 45. g4 Qc3 46. Ke2 Qc2+ 47. Ke3 Qc1+ 48. Ke2 1/2-1/2

[Event "Sachsen-ch U14"]
[Site "Sebnitz"]
[Date "2012.04.14"]
[Round "7"]
[White "Scholz, Robert"]
[Black "Engert, Marvin"]
[Result "0-1"]
[WhiteElo "1791"]
[BlackElo "1608"]
[PlyCount "92"]
[EventDate "2012.04.10"]
[EventType "swiss"]
[EventRounds "7"]
[EventCountry "GER"]
[SourceTitle "CBM 148 Extra"]
[Source "ChessBase"]
[SourceDate "2012.06.22"]
[SourceVersion "1"]
[SourceVersionDate "2012.06.22"]
[SourceQuality "1"]

1. e4 c5 2. Nc3 Nc6 3. Bb5 Nd4 4. Bc4 e6 5. Nge2 a6 6. a4 b6 7. d3 Ne7 8. Nxd4 cxd4 9. Ne2 Nc6 10. 0-0 Bb7 11. f4 Be7 12. Bd2 Rc8 13. Ng3 Nb4 14. Bb3 0-0 15. Rc1 a5 16. Qg4 Kh8 17. f5 Qe8 18. Rf3 Rc5 19. Rcf1 Nc6 20. Bf4 Ne5 21. Bxe5 Rxe5 22. c3 Bc5 23. Kh1 f6 24. Nh5 Qe7 25. Rh3 exf5 26. Nf4 h6 27. Qg6 d5 28. Qg3 Qe8 29. exd5 Re3 30. Qh4 Bd6 31. Rxe3 dxe3 32. Ne2 Qe5 33. d4 Qe4 34. Qxe4 fxe4 35. Nf4 Re8 36. Ne6 f5 37. g3 Ba6 38. c4 Rc8 39. Rc1 e2 40. c5 bxc5 41. dxc5 Bxc5 42. Nxc5 Rxc5 43. Re1 Rc8 44. Kg2 Rb8 45. Ba2 Rxb2 46. Bb1 Rd2 0-1

[Event "Sachsen-ch U14"]
[Site "Sebnitz"]
[Date "2012.04.13"]
[Round "5"]
[White "Scholz, Robert"]
[Black "Essler, Oskar"]
[Result "1/2-1/2"]
[WhiteElo "1791"]
[BlackElo "1570"]
[PlyCount "54"]
[EventDate "2012.04.10"]
[EventType "swiss"]
[EventRounds "7"]
[EventCountry "GER"]
[SourceTitle "CBM 148 Extra"]
[Source "ChessBase"]
[SourceDate "2012.06.22"]
[SourceVersion "1"]
[SourceVersionDate "2012.06.22"]
[SourceQuality "1"]

1. e4 e6 2. d4 d5 3. Nc3 Bb4 4. e5 c5 5. Bd2 Ne7 6. Nb5 Bxd2+ 7. Qxd2 0-0 8. f4 Nbc6 9. Nf3 cxd4 10. Bd3 Qb6 11. Rb1 Bd7 12. Qe2 h6 13. 0-0 Nb4 14. Nbxd4 Nxd3 15. cxd3 Nf5 16. Qf2 Nxd4 17. Qxd4 Qa6 18. a3 Bb5 19. Rfd1 Rac8 20. Qe3 Rc7 21. Nd4 Ba4 22. b3 Bd7 23. Ra1 Rc3 24. g4 Bb5 25. a4 Bxd3 26. Nb5 Bxb5 27. Qxc3 Be2 1/2-1/2

[Event "Pfalz op 03rd"]
[Site "Neustadt an der Weinstrasse"]
[Date "2012.02.20"]
[Round "4"]
[White "Hess, Markus"]
[Black "Scholz, Robert"]
[Result "1/2-1/2"]
[WhiteElo "2200"]
[BlackElo "1776"]
[PlyCount "75"]
[EventDate "2012.02.17"]
[EventType "swiss"]
[EventRounds "9"]
[EventCountry "GER"]
[SourceTitle "EXT 2013"]
[Source "ChessBase"]
[SourceDate "2012.11.22"]
[SourceVersion "1"]
[SourceVersionDate "2012.11.22"]
[SourceQuality "1"]

1. Nf3 d5 2. g3 Nf6 3. Bg2 Bf5 4. d3 e6 5. 0-0 Nbd7 6. Nbd2 c6 7. Re1 Bc5 8. d4 Bd6 9. c3 h6 10. Nh4 Bh7 11. e4 dxe4 12. Nxe4 Nxe4 13. Bxe4 Bxe4 14. Rxe4 Nf6 15. Re1 0-0 16. Nf3 Qc7 17. Ne5 c5 18. Ng4 Qe7 19. Qf3 Nxg4 20. Qxg4 Qf6 21. Be3 Rac8 22. Qe4 b6 23. a4 a5 24. Rad1 Rfd8 25. Qb7 Rb8 26. Qc6 Qe7 27. Rd2 Qe8 28. Qxe8+ Rxe8 29. dxc5 Bxc5 30. Bxc5 bxc5 31. Re5 Rec8 32. Kf1 Kf8 33. Ke2 Ke7 34. Re3 Rb7 35. Kd1 Rd7 36. Rxd7+ Kxd7 37. Rd3+ Kc6 38. Ke2 1/2-1/2

[Event "Pfalz op 03rd"]
[Site "Neustadt an der Weinstrasse"]
[Date "2012.02.20"]
[Round "2"]
[White "Kaufeld, Juergen"]
[Black "Scholz, Robert"]
[Result "1-0"]
[WhiteElo "2270"]
[BlackElo "1776"]
[PlyCount "59"]
[EventDate "2012.02.17"]
[EventType "swiss"]
[EventRounds "9"]
[EventCountry "GER"]
[SourceTitle "EXT 2013"]
[Source "ChessBase"]
[SourceDate "2012.11.22"]
[SourceVersion "1"]
[SourceVersionDate "2012.11.22"]
[SourceQuality "1"]

1. d4 d5 2. c4 dxc4 3. e4 e5 4. Nf3 Bg4 5. Bxc4 Nc6 6. Qb3 Bb4+ 7. Bd2 Qe7 8. Nxe5 Nxe5 9. Bxb4 Qg5 10. Bd2 Qg6 11. dxe5 Qxe4+ 12. Kf1 0-0-0 13. Nc3 Qxe5 14. Be3 Nf6 15. h3 Bh5 16. Bxa7 Rhe8 17. Be3 Ne4 18. Nxe4 Qxe4 19. Re1 f5 20. Bd2 Qh4 21. Rxe8 Rxe8 22. Kg1 Qd4 23. Be3 Qd6 24. Qd3 Qe5 25. Qd5 Qf6 26. Kh2 g5 27. Bd4 Qg6 28. Be5 g4 29. Qc5 c6 30. Qd6 1-0

[Event "GER-chT U12"]
[Site "Arendsee"]
[Date "2011.12.28"]
[Round "3.2"]
[White "Lagunow, Raphael"]
[Black "Scholz, Robert"]
[Result "1-0"]
[WhiteElo "1801"]
[BlackElo "1776"]
[PlyCount "73"]
[EventDate "2011.12.27"]
[EventType "team-swiss"]
[EventRounds "7"]
[EventCountry "GER"]
[SourceTitle "EXT 2022"]
[Source "ChessBase"]
[SourceDate "2021.10.06"]
[SourceVersion "1"]
[SourceVersionDate "2021.10.06"]
[SourceQuality "1"]
[WhiteTeam "Berlin TuS Makkabi U12"]
[BlackTeam "Dresden USV TU U12"]
[WhiteTeamCountry "GER"]
[BlackTeamCountry "GER"]

1. e4 c5 2. c3 d5 3. exd5 Qxd5 4. d4 Nf6 5. Nf3 e6 6. Be2 cxd4 7. cxd4 Nc6 8. Nc3 Qd6 9. 0-0 Be7 10. Be3 0-0 11. Qb3 Nb4 12. Rac1 Nbd5 13. Nb5 Qd8 14. Bg5 a6 15. Nc3 b5 16. Bxf6 Nxf6 17. Rfd1 Bb7 18. Ne5 Rc8 19. Bf3 Bxf3 20. Nxf3 Nd5 21. Nxd5 Qxd5 22. Qxd5 exd5 23. Ne5 Bg5 24. Rc5 Rfd8 25. Nc6 Re8 26. Nb4 Rxc5 27. dxc5 Be7 28. Nxa6 Ra8 29. Nc7 Rxa2 30. b4 d4 31. Nxb5 d3 32. Nc3 Rb2 33. Nd5 Bf6 34. Kf1 Rb3 35. c6 Rb2 36. c7 Rc2 37. b5 1-0

[Event "GER-chT U12"]
[Site "Arendsee"]
[Date "2011.12.27"]
[Round "1.2"]
[White "Scholz, Robert"]
[Black "Wiemann, Niklas"]
[Result "1-0"]
[WhiteElo "1776"]
[BlackElo "1355"]
[PlyCount "59"]
[EventDate "2011.12.27"]
[EventType "team-swiss"]
[EventRounds "7"]
[EventCountry "GER"]
[SourceTitle "EXT 2022"]
[Source "ChessBase"]
[SourceDate "2021.10.06"]
[SourceVersion "1"]
[SourceVersionDate "2021.10.06"]
[SourceQuality "1"]
[WhiteTeam "Dresden USV TU U12"]
[BlackTeam "Kiel Doppelbauer U12"]
[WhiteTeamCountry "GER"]
[BlackTeamCountry "GER"]

1. e4 e6 2. d4 d5 3. exd5 exd5 4. Nf3 c5 5. c3 Nc6 6. Bd3 Bg4 7. Be3 Qb6 8. Qe2 Bxf3 9. gxf3 0-0-0 10. dxc5 Bxc5 11. Bxc5 Qxc5 12. Nd2 Nf6 13. Nb3 Qb6 14. 0-0-0 Rhe8 15. Qd2 Qc7 16. Kb1 Ne5 17. Be2 Nc4 18. Qc2 Re7 19. Nd4 Rde8 20. h3 g6 21. Bf1 Nd7 22. Nb5 Qb6 23. Bxc4 a6 24. Na3 dxc4 25. Nxc4 Qc6 26. Nd6+ Qxd6 27. Rxd6 Re1+ 28. Rd1 Rxh1 29. Rxh1 Rd8 30. Rd1 1-0

[Event "GER-ch U12"]
[Site "Oberhof"]
[Date "2011.06.17"]
[Round "9"]
[White "Koehn, Lennart"]
[Black "Scholz, Robert"]
[Result "0-1"]
[WhiteElo "1554"]
[BlackElo "1643"]
[PlyCount "102"]
[EventDate "2011.06.11"]
[EventType "swiss"]
[EventRounds "11"]
[EventCountry "GER"]
[SourceTitle "CBM 142 Extra"]
[Source "ChessBase"]
[SourceDate "2011.06.27"]
[SourceVersion "1"]
[SourceVersionDate "2011.06.27"]
[SourceQuality "1"]

1. e4 e5 2. Nf3 Nc6 3. Bc4 Bc5 4. c3 Nf6 5. d3 d6 6. Bb3 0-0 7. Nbd2 Be6 8. h3 a6 9. Nf1 Qe7 10. Bc2 d5 11. Qe2 dxe4 12. dxe4 Rad8 13. Ng3 b5 14. b3 Rd6 15. 0-0 b4 16. Bb2 bxc3 17. Bxc3 Nd7 18. Nf5 Bxf5 19. exf5 Re8 20. Nh2 Bd4 21. Qe1 Bxc3 22. Qxc3 Nd4 23. Qb2 Qg5 24. Be4 Nxf5 25. Nf3 Qf6 26. Rac1 c5 27. Bxf5 Qxf5 28. Qc2 Qf4 29. Rfd1 Ree6 30. Rxd6 Rxd6 31. Rd1 Qf6 32. Rxd6 Qxd6 33. Qe4 h6 34. Qa8+ Kh7 35. Qe4+ g6 36. Qc4 Kg7 37. Nh4 Qd4 38. Nf3 Qxc4 39. bxc4 Kf6 40. Kf1 Ke6 41. Ke2 Nb6 42. Kd3 e4+ 43. Kxe4 Nxc4 44. Kd3 Ne5+ 45. Nxe5 Kxe5 46. Kc4 Kd6 47. f4 f5 48. h4 Kc6 49. a3 Kd6 50. Kb3 Kd5 51. Ka4 c4 0-1

[Event "GER-ch U12"]
[Site "Oberhof"]
[Date "2011.06.15"]
[Round "7"]
[White "Pallas, Sebastian"]
[Black "Scholz, Robert"]
[Result "1-0"]
[WhiteElo "1813"]
[BlackElo "1643"]
[PlyCount "103"]
[EventDate "2011.06.11"]
[EventType "swiss"]
[EventRounds "11"]
[EventCountry "GER"]
[SourceTitle "CBM 142 Extra"]
[Source "ChessBase"]
[SourceDate "2011.06.27"]
[SourceVersion "1"]
[SourceVersionDate "2011.06.27"]
[SourceQuality "1"]

1. e4 e5 2. Nf3 Nc6 3. d4 exd4 4. Nxd4 Bc5 5. Nxc6 Qf6 6. Qf3 Qxf3 7. gxf3 bxc6 8. h4 Ne7 9. h5 d5 10. Bf4 Bd6 11. Bxd6 cxd6 12. Nd2 Kd7 13. 0-0-0 Kc7 14. Nb3 Bb7 15. c4 dxe4 16. fxe4 d5 17. Nc5 Rac8 18. Bh3 Rcd8 19. Nxb7 Kxb7 20. exd5 cxd5 21. Bg2 Rc8 22. b3 Rhd8 23. Rhe1 Rd7 24. Kb2 Rcd8 25. Re5 f6 26. Re6 Kb8 27. c5 Kc7 28. Bh3 Nc6 29. Rde1 Rf7 30. f4 Rdd7 31. Re8 Rde7 32. Rc8+ Kb7 33. Re8 Rxe1 34. Rxe1 Re7 35. Rxe7+ Nxe7 36. b4 g6 37. hxg6 hxg6 38. b5 g5 39. fxg5 fxg5 40. Kc3 Ng6 41. Kd4 Nf4 42. Bg4 Kb8 43. a4 Kc7 44. a5 Ng2 45. b6+ axb6 46. cxb6+ Kb7 47. Bf3 Nf4 48. Bxd5+ Ka6 49. Bc4+ Kb7 50. Kc5 Nh5 51. a6+ Ka8 52. Bd5+ 1-0

[Event "GER-ch U12"]
[Site "Oberhof"]
[Date "2011.06.14"]
[Round "6"]
[White "Scholz, Robert"]
[Black "Peczely, Sebastian Zsombor"]
[Result "0-1"]
[WhiteElo "1643"]
[BlackElo "1967"]
[PlyCount "122"]
[EventDate "2011.06.11"]
[EventType "swiss"]
[EventRounds "11"]
[EventCountry "GER"]
[SourceTitle "CBM 142 Extra"]
[Source "ChessBase"]
[SourceDate "2011.06.27"]
[SourceVersion "1"]
[SourceVersionDate "2011.06.27"]
[SourceQuality "1"]

1. e4 e5 2. Nf3 Nc6 3. Bc4 Bc5 4. Nc3 d6 5. d3 Nf6 6. Bg5 h6 7. Be3 Bb6 8. 0-0 Bg4 9. h3 Bh5 10. a3 0-0 11. g4 Nxg4 12. hxg4 Bxg4 13. Kg2 Kh8 14. Qd2 Qf6 15. Nh2 Qh4 16. Bxb6 Bh3+ 17. Kh1 axb6 18. Ne2 Bxf1 19. Rxf1 f5 20. Qe3 f4 21. Qf3 Ne7 22. Qg4 Qxg4 23. Nxg4 h5 24. Nh2 g5 25. f3 Kh7 26. Rg1 Kh6 27. Be6 Rf6 28. Bh3 Rg8 29. Nc3 c6 30. Na4 Ng6 31. Nxb6 Nh4 32. Nd7 Rf7 33. Be6 Rgg7 34. Bxf7 Rxf7 35. Nb6 Ng6 36. Na4 Nf8 37. Nc3 Nd7 38. b4 Nf6 39. Nd1 b5 40. Nf2 Ra7 41. Ra1 c5 42. bxc5 dxc5 43. Rb1 Ra5 44. Rb3 Kg6 45. Kg2 Kg7 46. c4 b4 47. axb4 cxb4 48. Rxb4 Ra2 49. Kf1 Ra1+ 50. Ke2 Ra2+ 51. Ke1 Ra1+ 52. Kd2 Ra2+ 53. Ke1 Ra1+ 54. Rb1 Rxb1+ 55. Ke2 Rg1 56. Nf1 g4 57. fxg4 hxg4 58. c5 f3+ 59. Ke1 g3 60. Nh3 Rh1 61. Ng5 g2 0-1

[Event "GER-ch U12"]
[Site "Oberhof"]
[Date "2011.06.12"]
[Round "2"]
[White "Scholz, Robert"]
[Black "Kreyssig, Bruno"]
[Result "1-0"]
[WhiteElo "1643"]
[BlackElo "1587"]
[PlyCount "79"]
[EventDate "2011.06.11"]
[EventType "swiss"]
[EventRounds "11"]
[EventCountry "GER"]
[SourceTitle "CBM 142 Extra"]
[Source "ChessBase"]
[SourceDate "2011.06.27"]
[SourceVersion "1"]
[SourceVersionDate "2011.06.27"]
[SourceQuality "1"]

1. e4 c5 2. Nc3 Nc6 3. Bb5 Nd4 4. Bc4 g6 5. d3 e6 6. Be3 Bg7 7. f4 Ne7 8. Nf3 d5 9. exd5 Nxd5 10. Bd2 0-0 11. 0-0 b6 12. Ne5 Bb7 13. Ng4 Nf5 14. Qe1 Bd4+ 15. Kh1 Qh4 16. Qxh4 Nxh4 17. Bxd5 exd5 18. Ne5 Rfe8 19. Nf3 Nxf3 20. gxf3 Bxc3 21. bxc3 Re2 22. Rad1 d4 23. c4 f5 24. Kg1 Kg7 25. Rf2 Rae8 26. Kf1 Rxf2+ 27. Kxf2 Kh6 28. Rb1 Kh5 29. Rg1 Kh4 30. Rg3 Bc6 31. c3 Ba4 32. cxd4 Bd1 33. Be3 cxd4 34. Kg2 Bxf3+ 35. Rxf3 Rxe3 36. Rxe3 dxe3 37. d4 g5 38. d5 e2 39. Kf2 gxf4 40. d6 1-0